01361nam a2200409 i 450000100060000000300090000600500170001500800390003201500180007102000150008904000280010404600090013208000130014108000100015408000120016410000490017624500560022525000230028126000890030430000410039333600270043433700540046133800280051538000160054338800140055938800140057349000280058750400280061565000230064365000310066665000280069765500300072565800300075571000340078583000340081985600980085353358KOSZ 00520250722063912.0980724s1998 pl a f f |000 0 pol aPB 1998/11833 a8301119802 aWA NcWA NdKOSZ 005/HR k1996 a658.1/.5 a005.2 a(075.8)1 aPierścionek, Zdzisławd(1941-2011)eAutor10aStrategie rozwoju firmy /cZdzisław Pierścionek. a[Wyd. 1, dodr. 3]. aWarszawa :bWydaw. Naukowe PWN :bFundacja Edukacyjna Przedsiębiorczości,c1998. a341, [2] s. :brys., wykr. ;c21 cm. 2rdacontentaTekstbtxt 2rdamediaaBez urządzenia pośredniczącegobn 2rdacarrieraWoluminbnc aKsiążki a1901-2000 a1989-20001 aPrzedsiębiorczość aBibliogr. s. 337-[342]. 4aPrzedsiębiorstwo 4aZarządzanie strategiczne 4aPlanowanie strategiczne 4aPodręczniki akademickie aZarządzanie i marketing2 aWydawnictwo Naukowe PWN4pbl. 0aPrzedsiębiorczość (PWN) uhttp://koha.tu.koszalin.pl/cgi-bin/koha/opac-detail.pl?biblionumber=53358yKatalog online BPK